000
00280nam a2200109Ia 4500
008
230907s9999||||xx |||||||||||||| ||und||
082
_a
297.03
_b
ENC
245
0
_a
Encyclopedia of Islam /
260
_b
Netherlands :
_c
1991
300
_a
13 Volumes Set; various pages.
942
_c
BK
999
_c
599154
_d
599154